000 00469nam a2200145Ia 4500
008 151213s9999 xx 000 0 und d
100 _aসাঈদ রহমান।
245 _aঅগ্নিøাত অঙ্গার
_cসাঈদ রহমান।
260 _aঢাকা
_bমেী প্রকাশনী।
_c2001
300 _a4611 p.
650 _aBangla
650 _aকবিতা
700 _aসাঈদ রহমান।
999 _c2969
_d2969